LEADER 02301nas 22007093a 450 001 996202517203316 005 20230621230200.0 011 $a2161-282X 035 $a(OCoLC)44617768 035 $a(CKB)963018359386 035 $a(CONSER)--2011200726 035 $a(MiAaPQ)46767 035 $a(EXLCZ)99963018359386 100 $a20000719a20009999 --- a 101 0 $aeng 135 $aurcn||||||||| 181 $ctxt$2rdacontent 182 $cc$2rdamedia 183 $acr$2rdacarrier 200 10$aBest's review 210 $aOldwick, NJ $cA.M. Best Co.$d©2000- 300 $aTitle from home page (viewed July 19, 2000). 311 $a1527-5914 531 $aBESTS REVIEW 531 $aBESTS REVIEW INSURANCE ISSUES AND ANALYSIS 606 $aProperty insurance$zUnited States$vPeriodicals 606 $aCasualty insurance$zUnited States$vPeriodicals 606 $aLife insurance$zUnited States$vPeriodicals 606 $aHealth insurance$zUnited States$vPeriodicals 606 $aInsurance, Health$vPeriodicals 606 $aInsurance, Life$vPeriodicals 606 $aAssurance de biens$zÉtats-Unis$vPériodiques 606 $aAssurance-dommages$zÉtats-Unis$vPériodiques 606 $aAssurance-vie$zÉtats-Unis$vPériodiques 606 $aAssurance-maladie$zÉtats-Unis$vPériodiques 606 $aCasualty insurance$2fast$3(OCoLC)fst01715790 606 $aHealth insurance$2fast$3(OCoLC)fst01715839 606 $aLife insurance$2fast$3(OCoLC)fst01715858 606 $aProperty insurance$2fast$3(OCoLC)fst01715900 607 $aUnited States$2fast 608 $aPeriodicals.$2fast 608 $aPeriodicals.$2lcgft 615 0$aProperty insurance 615 0$aCasualty insurance 615 0$aLife insurance 615 0$aHealth insurance 615 12$aInsurance, Health 615 22$aInsurance, Life 615 6$aAssurance de biens 615 6$aAssurance-dommages 615 6$aAssurance-vie 615 6$aAssurance-maladie 615 7$aCasualty insurance. 615 7$aHealth insurance. 615 7$aLife insurance. 615 7$aProperty insurance. 676 $a368 712 02$aA.M. Best Company. 906 $aJOURNAL 912 $a996202517203316 996 $aBest's review$92124691 997 $aUNISA LEADER 01416nam 2200457 450 001 9910826439903321 005 20211119100101.0 010 $a84-1377-524-8 035 $a(CKB)4100000011975896 035 $a(MiAaPQ)EBC6661395 035 $a(Au-PeEL)EBL6661395 035 $a(OCoLC)1258956970 035 $a(MiAaPQ)EBC6782380 035 $a(EXLCZ)994100000011975896 100 $a20211029d2021 uy 0 101 0 $aspa 135 $aurcnu|||||||| 181 $ctxt$2rdacontent 182 $cc$2rdamedia 183 $acr$2rdacarrier 200 14$aLos convenios de colaboracio?n empresarial /$fIsidoro Marti?n De?gano 210 1$aMadrid :$cDykinson, S.L.,$d2021. 215 $a1 online resource (164 pages) 311 $a84-1377-491-8 606 $aNonprofit organizations$xTaxation$xLaw and legislation$zSpain 606 $aResponsabilidad social de la empresa 606 $aMecenazgo 606 $aImpuestos 608 $aLibros electronicos. 615 0$aNonprofit organizations$xTaxation$xLaw and legislation 615 4$aResponsabilidad social de la empresa. 615 4$aMecenazgo. 615 4$aImpuestos. 676 $a343.46052668 700 $aMarti?n De?gano$b Isidoro$01603425 801 0$bFINmELB 801 1$bFINmELB 906 $aBOOK 912 $a9910826439903321 996 $aLos convenios de colaboracio?n empresarial$93927798 997 $aUNINA LEADER 02066nam 2200433z- 450 001 9910247447503321 005 20210211 010 $a2-905637-82-X 035 $a(CKB)4100000001283582 035 $a(oapen)https://directory.doabooks.org/handle/20.500.12854/42714 035 $a(PPN)165515899 035 $a(oapen)doab42714 035 $a(EXLCZ)994100000001283582 100 $a20202102d2009 |y 0 101 0 $afra 135 $aurmn|---annan 181 $ctxt$2rdacontent 182 $cc$2rdamedia 183 $acr$2rdacarrier 200 00$aLes Cardinaux de la Renaissance et la modernité artistique 210 $cPublications de l'Institut de recherches historiques du Septentrion$d2009 215 $a1 online resource 330 $aBien que le mouvement des idées et la diffusion des formes nouvelles soient au coeur des grands principes de la Renaissance, le Quattrocento qu'il soit florentin ou vénitien laisse d'abord les cours européennes indifférentes. Il faut attendre les guerres d'Italie pour que les modèles napolitains ou lombards soient diffusés en France ou en Espagne. Puis, sous le pontificat de Jules II, Rome s'impose indéniablement comme le foyer artistique le plus foisonnant de l'Europe du Cinquecento. Dès lors, la Ville éternelle devient le modèle à suivre dans toute l'Europe. Cet ouvrage est l'occasion de rappeler le rôle essentiel joué par les cardinaux et par leur important réseau d'influence dans la diffusion des idées et des formes de la Renaissance. 606 $aBiography and non-fiction prose$2bicssc 610 $acardinaux 610 $aCinquecento 610 $aItalie 610 $alombard 610 $anapolitain 610 $aRenaissance 610 $aRome 615 7$aBiography and non-fiction prose 700 $aGennaro Toscano$4auth$01291816 702 $aFrédérique Lemerle$4auth 702 $aYves Pauwels$4auth 906 $aBOOK 912 $a9910247447503321 996 $aLes Cardinaux de la Renaissance et la modernité artistique$93021958 997 $aUNINA